[Event "Warsaw-ch opB 64th"]
[Site "Warsaw"]
[Date "2011.05.11"]
[Round "5"]
[White "Bartczak, Hanna"]
[Black "Tomczyk, Ryszard"]
[Result "1-0"]
[WhiteElo "1696"]
[BlackElo "1479"]
[PlyCount "113"]
[EventDate "2011.05.07"]
[EventType "swiss"]
[EventRounds "9"]
[EventCountry "POL"]
[SourceTitle "EXT 2012"]
[Source "ChessBase"]
[SourceDate "2011.11.24"]
[SourceVersion "1"]
[SourceVersionDate "2011.11.24"]
[SourceQuality "1"]

1. d4 Nf6 2. c4 b6 3. Nf3 g6 4. Nc3 Bb7 5. e3 Bg7 6. Be2 d6 7. 0-0 Nbd7 8. Qc2 a6 9. b4 Rc8 10. Bb2 0-0 11. a4 c6 12. a5 e6 13. Qb3 b5 14. c5 d5 15. Ne5 Qc7 16. f4 Kh8 17. Nd1 Ne4 18. Qc2 Qd8 19. Nf2 Nef6 20. Bc3 Ng8 21. Nh3 Nh6 22. Be1 Bf6 23. g4 Be7 24. Bg3 f6 25. Nxg6+ hxg6 26. Qxg6 Nf7 27. Bd3 f5 28. gxf5 exf5 29. Bxf5 Nf6 30. Ng5 Qe8 31. Nxf7+ Rxf7 32. Qh6+ Kg8 33. Be6 Bd8 34. f5 Qf8 35. Qg6+ Qg7 36. Rf4 Kf8 37. Rh4 Qxg6 38. fxg6 Rg7 39. Rh8+ Ke7 40. Bf7 Kd7 41. Be5 Be7 42. Rxc8 Bxc8 43. Rf1 Nh5 44. Rf5 Nf6 45. Bxf6 Bxf6 46. Rxf6 Kc7 47. h4 Bg4 48. Kh2 Kb7 49. Kg3 Bh5 50. Kf4 Be2 51. Kg5 Kc7 52. h5 Bxh5 53. Kxh5 Kd7 54. Kh6 Rxf7 55. Rxf7+ Ke8 56. Kg7 Kd8 57. Kf8 1-0

[Event "Warsaw-ch opB 64th"]
[Site "Warsaw"]
[Date "2011.05.07"]
[Round "1"]
[White "Kulakiewicz, Mariusz"]
[Black "Tomczyk, Ryszard"]
[Result "1-0"]
[WhiteElo "1808"]
[BlackElo "1479"]
[PlyCount "115"]
[EventDate "2011.05.07"]
[EventType "swiss"]
[EventRounds "9"]
[EventCountry "POL"]
[SourceTitle "EXT 2012"]
[Source "ChessBase"]
[SourceDate "2011.11.24"]
[SourceVersion "1"]
[SourceVersionDate "2011.11.24"]
[SourceQuality "1"]

1. e4 c5 2. Nf3 Nc6 3. d4 cxd4 4. Nxd4 Nf6 5. Nc3 g6 6. Be3 Bg7 7. Bc4 e6 8. Bb3 0-0 9. f3 Na5 10. Qd2 Nxb3 11. Nxb3 a6 12. h4 Qc7 13. 0-0-0 Rd8 14. Qf2 Qb8 15. g4 b5 16. h5 Bb7 17. g5 Ne8 18. hxg6 hxg6 19. Qh4 d6 20. Rh2 Kf8 21. Nd4 Qc7 22. Rdh1 Rac8 23. Qf4 e5 24. Ne6+ Ke7 25. Nxc7 exf4 26. N7d5+ Ke6 27. Nxf4+ Kd7 28. Ncd5 Bxd5 29. Nxd5 Rc6 30. Nb4 Rc4 31. Nd3 Rdc8 32. Rd2 Ke7 33. Nf4 Rd8 34. Rhd1 Be5 35. Nd5+ Ke6 36. f4 Bg7 37. Bd4 Bf8 38. Rh1 Nc7 39. Bb6 Nxd5 40. exd5+ Kd7 41. Bxd8 Kxd8 42. Rh8 Re4 43. Rxf8+ Ke7 44. Ra8 a5 45. Rxa5 b4 46. Ra7+ Ke8 47. Rh2 Kf8 48. a4 Rd4 49. f5 gxf5 50. g6 Kg7 51. gxf7 Kf6 52. f8Q+ Ke5 53. Re2+ Re4 54. Re7+ Kxd5 55. Qxf5+ Re5 56. Qf3+ Kc5 57. Rc7+ Kb6 58. Qc6+ 1-0

[Event "Warsaw Ursus op 4th"]
[Site "Warsaw"]
[Date "2010.05.29"]
[Round "1"]
[White "Matuszewski, Michal"]
[Black "Tomczyk, Ryszard"]
[Result "1-0"]
[WhiteElo "2308"]
[BlackElo "1505"]
[PlyCount "43"]
[EventDate "2010.05.29"]
[EventType "swiss"]
[EventRounds "9"]
[EventCountry "POL"]
[SourceTitle "CBM 136 Extra"]
[Source "ChessBase"]
[SourceDate "2010.07.02"]
[SourceVersion "2"]
[SourceVersionDate "2010.07.15"]
[SourceQuality "1"]

1. d4 Nf6 2. Nf3 b6 3. Bg5 Ne4 4. Bh4 Bb7 5. Nbd2 g6 6. Nxe4 Bxe4 7. Nd2 Bb7 8. e4 Bg7 9. c3 0-0 10. Bd3 d6 11. 0-0 Nd7 12. Qa4 c6 13. Rfe1 a6 14. Qa3 b5 15. e5 Nb6 16. exd6 Qxd6 17. Bxe7 Qxa3 18. Bxa3 Rfe8 19. Ne4 Nc8 20. Nf6+ Bxf6 21. Rxe8+ Kg7 22. Bf8+ 1-0

[Event "Warsaw Hetmanie-B 1st"]
[Site "Warsaw"]
[Date "2010.03.25"]
[Round "10"]
[White "Kaminski, Stefan"]
[Black "Tomczyk, Ryszard"]
[Result "1-0"]
[WhiteElo "1592"]
[BlackElo "1518"]
[PlyCount "125"]
[EventDate "2010.01.04"]
[EventType "tourn"]
[EventRounds "11"]
[EventCountry "POL"]
[SourceTitle "EXT 2023"]
[Source "ChessBase"]
[SourceDate "2022.10.05"]
[SourceVersion "1"]
[SourceVersionDate "2022.10.05"]
[SourceQuality "1"]

1. e4 e5 2. Nf3 Nc6 3. Bc4 Bc5 4. 0-0 h6 5. c3 Nf6 6. d4 Bd6 7. Bd5 Qe7 8. Re1 Nd8 9. h3 c6 10. Bb3 Bc7 11. dxe5 Bxe5 12. Nxe5 Qxe5 13. f4 Qe7 14. e5 Nh7 15. f5 Qh4 16. Nd2 0-0 17. Nf3 Qe7 18. f6 Qc5+ 19. Be3 Qa5 20. fxg7 Kxg7 21. Qd2 Kh8 22. Bxh6 Rg8 23. Ng5 Qc5+ 24. Kh1 Qe7 25. Nxh7 Kxh7 26. Bc2+ Kh8 27. Qe2 Qh4 28. Qd2 b6 29. Re4 Qe7 30. Qf2 Rg6 31. Rh4 Kg8 32. Bxg6 fxg6 33. Rg4 Kh7 34. Bg5 Qf7 35. Qh4+ Kg8 36. Bxd8 d5 37. Rg3 Bf5 38. Bf6 Qh7 39. Qxh7+ Kxh7 40. Re3 Be6 41. g4 Kg8 42. Kg2 Kf7 43. a3 a5 44. Rf1 Rg8 45. Bg5+ Ke8 46. Kg3 a4 47. Rf6 Kd7 48. Ref3 Rg7 49. Rf8 c5 50. Rd8+ Kc7 51. Rd6 Bg8 52. Bd8+ Kb7 53. Bxb6 c4 54. Bc5 g5 55. Rff6 Rc7 56. Rb6+ Ka7 57. Ra6+ Kb8 58. Bd6 Kb7 59. Bxc7 Kxc7 60. Rg6 Kb7 61. Raf6 d4 62. Rxg8 d3 63. Rg7+ 1-0